Normal view
MARC view
Entry Corporate Name
001 - CONTROL NUMBER
- control field: 28779
003 - CONTROL NUMBER IDENTIFIER
- control field: MY-SjTCS
005 - DATE AND TIME OF LATEST TRANSACTION
- control field: 20191205122612.0
008 - FIXED-LENGTH DATA ELEMENTS
- fixed length control field: 120203nn a|a||abb| a a|a d
039 #9 -
- : 201202031800
- : shuhada
040 ## - CATALOGING SOURCE
- Original cataloging agency: VRT
- Transcribing agency: VRT
110 2# - HEADING--CORPORATE NAME
- Corporate name or jurisdiction name as entry element: Davis Entertainment Company.
670 ## - SOURCE DATA FOUND
- Source citation: I, robot:
- Information found: t.p. (Twentieth Century Fox presents in association with Mediastream IV ; directed by Alex Proyas ; screenplay by Jeff Vintar and Akiva Goldsman ; screen story by Jeff Vintar ; produced by Laurence Mark ... et al.. ; a Davis Entertainment Company/Laurence Mark/Overbrook Films production ; an Alex Proyas film.)
999 ## -
- : VIRTUA4 x
999 ## -
- : VTLSSORT0080*0400*1100*6700*9991